Història de la divisió comarcal / Jesús Burgueño
ISBN:
84-232-0663-7
Descripción Física:
206 p., [2] f. de làm. pleg. : il., map. + 1 mapa ; 30 cm
MARC
| LEADER | 00000nam a2200000Ia 4500 | ||
|---|---|---|---|
| 001 | 15953 | ||
| 008 | 160829s2003 xx 000 0 cat d | ||
| 020 | |a 84-232-0663-7 | ||
| 080 | |a M-4-349 | ||
| 100 | |a Burgueño, Jesús |9 22776 | ||
| 245 | |a Història de la divisió comarcal / Jesús Burgueño | ||
| 260 | |a Barcelona : |b (Rafael Dalmau), |c 2003 | ||
| 300 | |a 206 p., [2] f. de làm. pleg. : |b il., map. + 1 mapa ; |c 30 cm | ||
| 590 | |a Bibliografia. | ||
| 590 | |a Índex. | ||
| 590 | |a Exemplar donat per l'autor. | ||
| 650 | |a Comarques |x Catalunya |x Història |9 37187 | ||
| 651 | 0 | |a Catalunya |x Divisions administratives i polítiques |9 54246 | |
| 901 | |a Arxiu | ||
| 942 | |n 1 | ||
| 952 | |0 0 |1 0 |4 0 |6 M4349 |7 1 |9 47737 |a Arxiu |b Arxiu |d 2016-12-01 |l 0 |o M-4-349 |p 15953 |r 2016-12-01 00:00:00 |w 2016-12-01 |y ARXIU | ||
| 999 | |c 51536 |d 51536 | ||